| 000 | 01550nam a2200289 a 4500 | ||
|---|---|---|---|
| 001 | ASIN303768075X | ||
| 003 | OSt | ||
| 005 | 20180116192417.0 | ||
| 008 | 130730s2011 xxu eng d | ||
| 020 |
_a303768075X (hardcover) _c$24.95 |
||
| 020 | _a9783037680759 (hardcover) | ||
| 040 | _c00 | ||
| 050 | 0 | 4 | _aSB472 |
| 082 | 0 | 4 | _a712 |
| 100 | 1 |
_aUffelen, Chris van _96837 |
|
| 245 | 1 | 0 |
_aFacade greenery: _bcontemporary landscaping/ _cChris van Uffelen. |
| 260 |
_a : _bBraun Publish,Csi, _c2011. |
||
| 300 |
_a174 p. ; _c26 cm. |
||
| 520 | _aThe greening of faades with plants gives a piece of nature back to the city. But a green faade is much more than a charming view: Thanks to its insulating effect, it evens out extreme swings in temperature, protects against UV radiation and improves sound insulation. In that regard one does not have to always rely on the usual ivy. Other evergreen or fruit bearing plants and even exotic flowers can be used as faade decoration. In that way varied and creative greening can be created which lend a colorful aesthetic tone to the cityscape. The 50 projects presented here give an overview of this current trend in landscape architecture. | ||
| 650 | 0 |
_aCity planning _96838 |
|
| 650 | 0 |
_aLandscape architecture _96839 |
|
| 650 | 0 |
_aPlants in architecture _96840 |
|
| 650 | 0 |
_aUrban landscape architecture _96841 |
|
| 856 | 4 | 0 |
_3Amazon.com _uhttp://www.amazon.com/exec/obidos/ASIN/303768075X/chopaconline-20 |
| 942 |
_2ddc _cBK |
||
| 999 |
_c353768 _d353768 |
||